| 000 | 00351nam a2200133Ia 4500 | ||
|---|---|---|---|
| 008 | 240624s9999 xx 000 0 und d | ||
| 041 | _aeng | ||
| 082 | _a658.4092 JUL | ||
| 100 | _aJULI THOMAS | ||
| 245 | _aLEADERSHIP PRINCIPLES FOR PROJECT SUCCES | ||
| 260 |
_c2011 _aLondon _bCRC Press |
||
| 300 | _axxiii, : 260 : p. : cm. ; 24 | ||
| 365 |
_cBPS _b27 |
||
| 999 |
_c16882 _d16882 |
||